[Event "Oberliga Wuerttemberg 0809"]
[Site "Wuerttemberg"]
[Date "2008.12.14"]
[Round "4.5"]
[White "Loehr, Markus"]
[Black "Fochtler, Ekkehard"]
[Result "1/2-1/2"]
[WhiteElo "2215"]
[BlackElo "2133"]
[PlyCount "92"]
[EventDate "2008.10.12"]
[EventType "team-tourn"]
[EventRounds "9"]
[EventCountry "GER"]
[SourceTitle "EXT 2019"]
[Source "ChessBase"]
[SourceDate "2018.10.10"]
[SourceVersion "1"]
[SourceVersionDate "2018.10.10"]
[SourceQuality "1"]
[WhiteTeam "Schmiden/Cannstatt"]
[BlackTeam "Schwaebisch Gmuend"]
[WhiteTeamCountry "GER"]
[BlackTeamCountry "GER"]

1. d4 d5 2. Nf3 Nf6 3. c4 e6 4. g3 Bb4+ 5. Bd2 Be7 6. Bg2 0-0 7. 0-0 c6 8. Qc2 Nbd7 9. Rd1 b6 10. b3 Bb7 11. Nc3 Rc8 12. e4 c5 13. exd5 exd5 14. Bf4 Nh5 15. dxc5 Nxf4 16. gxf4 Rxc5 17. Nxd5 Bxd5 18. Rxd5 Rxd5 19. cxd5 Bd6 20. Qf5 g6 21. Qg5 Qf6 22. Qxf6 Nxf6 23. f5 Rc8 24. fxg6 hxg6 25. Nd4 Rc5 26. Rd1 a5 27. a4 Bf4 28. Nb5 Rc1 29. Rxc1 Bxc1 30. d6 Kf8 31. Na7 Ke8 32. Nc8 Ba3 33. Nxb6 Bxd6 34. Nc4 Bb4 35. Kf1 Ke7 36. Ke2 Nd7 37. Ne3 Nc5 38. Bd5 Bc3 39. Bc4 Be5 40. f4 Bd4 41. Nc2 Bb2 42. Ke3 Bc3 43. Nd4 f5 44. Nc2 Kf6 45. Kf3 Bd2 46. Ne3 g5 1/2-1/2

[Event "Oberliga Wuerttemberg 0708"]
[Site "Wuerttemberg"]
[Date "2007.10.21"]
[Round "2.7"]
[White "Schwarzburger, Lothar"]
[Black "Fochtler, Ekkehard"]
[Result "1/2-1/2"]
[WhiteElo "2179"]
[BlackElo "2231"]
[PlyCount "101"]
[EventDate "2007.10.07"]
[EventType "team-tourn"]
[EventRounds "9"]
[EventCountry "GER"]
[SourceTitle "EXT 2018"]
[Source "ChessBase"]
[SourceDate "2017.10.13"]
[SourceVersion "1"]
[SourceVersionDate "2017.10.13"]
[SourceQuality "1"]
[WhiteTeam "Stuttgart SF II"]
[BlackTeam "Schwaebisch Gmuend"]
[WhiteTeamCountry "GER"]
[BlackTeamCountry "GER"]

1. e4 e5 2. Nf3 Nf6 3. Nxe5 d6 4. Nf3 Nxe4 5. d4 d5 6. Bd3 Nc6 7. 0-0 Be7 8. c4 Nb4 9. Nc3 Nxc3 10. bxc3 Nxd3 11. Qxd3 dxc4 12. Qxc4 0-0 13. d5 c6 14. dxc6 Be6 15. Qa4 bxc6 16. Nd4 Bd7 17. Nxc6 Bf6 18. Nxd8 Bxa4 19. Nb7 Bxc3 20. Ba3 Bxa1 21. Bxf8 Kxf8 22. Rxa1 Rc8 23. f3 Rc2 24. a3 Ke7 25. Re1+ Kd7 26. Re4 Bc6 27. Rd4+ Ke7 28. Nd6 Ke6 29. Nc4 Bb7 30. Rd6+ Ke7 31. Rd4 g6 32. h4 h5 33. Nd6 Ba8 34. Nb5 a6 35. Nd6 Rc5 36. Nc4 Bd5 37. Ne3 Bc6 38. Nc4 Rd5 39. Re4+ Kf6 40. Kf2 Rd3 41. Re3 Rd4 42. Ne5 Bb5 43. g4 Kg7 44. Rc3 Rd5 45. f4 hxg4 46. Nxg4 Rd3 47. Rxd3 Bxd3 48. Ke3 Bb5 49. f5 gxf5 50. Ne5 f6 51. Kf4 1/2-1/2

[Event "Hohenloher op 10th"]
[Site "Forchtenberg"]
[Date "2003.06.21"]
[Round "5"]
[White "Stiefel, Frank"]
[Black "Fochtler, Ekkehard"]
[Result "0-1"]
[WhiteElo "2090"]
[BlackElo "2255"]
[PlyCount "82"]
[EventDate "2003.06.19"]
[EventType "swiss"]
[EventRounds "7"]
[EventCountry "GER"]
[SourceTitle "EXT 2004"]
[Source "ChessBase"]
[SourceDate "2003.11.25"]
[SourceVersion "1"]
[SourceVersionDate "2003.11.25"]
[SourceQuality "1"]

1. Nc3 d5 2. e4 d4 3. Nce2 e5 4. Ng3 Be6 5. Nf3 f6 6. Bb5+ c6 7. Ba4 Qa5 8. c3 Na6 9. Bb3 Bxb3 10. Qxb3 Nc5 11. Qc2 Qa6 12. c4 d3 13. Qc3 0-0-0 14. b4 Na4 15. Qb3 Ne7 16. 0-0 b5 17. c5 Qb7 18. Qe6+ Qd7 19. Qxd7+ Rxd7 20. Nh4 Kd8 21. Rb1 Ke8 22. Rb3 Kf7 23. Re1 g6 24. Nf3 Bh6 25. Nf1 Ke6 26. g3 Rhd8 27. h4 Ng8 28. Ne3 Bf8 29. Nd1 Nb6 30. Nb2 a5 31. a3 Na4 32. Nd1 Be7 33. Ne3 h5 34. Bb2 Nxb2 35. Rxb2 axb4 36. axb4 Ra8 37. Kg2 Ra3 38. Reb1 f5 39. exf5+ gxf5 40. Ng4 hxg4 41. Nh2 e4 0-1

[Event "Oberliga Wuerttemberg 0102"]
[Site "Wuerttemberg"]
[Date "2002.??.??"]
[Round "6"]
[White "Teufel, Juergen"]
[Black "Fochtler, Ekkehard"]
[Result "1/2-1/2"]
[WhiteElo "2270"]
[BlackElo "2213"]
[PlyCount "116"]
[EventDate "2001.10.01"]
[EventType "team-tourn"]
[EventRounds "9"]
[EventCountry "GER"]
[SourceTitle "EXT 2019"]
[Source "ChessBase"]
[SourceDate "2018.10.10"]
[SourceVersion "1"]
[SourceVersionDate "2018.10.10"]
[SourceQuality "1"]
[WhiteTeam "Tamm 74"]
[BlackTeam "Schwaebisch Gmuend"]
[WhiteTeamCountry "GER"]
[BlackTeamCountry "GER"]

1. e4 e5 2. Bc4 Nf6 3. Qf3 d6 4. h3 g6 5. g4 Qe7 6. d3 Bg7 7. Ne2 0-0 8. Bg5 Be6 9. Nd2 Nc6 10. 0-0-0 Rab8 11. Qe3 b5 12. Bxe6 Qxe6 13. Kb1 Nd7 14. Bh6 Nc5 15. Bxg7 Kxg7 16. f4 Nb4 17. Nc1 exf4 18. Qd4+ Qf6 19. Qxb4 Na4 20. g5 Qxg5 21. Qd4+ Qe5 22. Nf3 Qxd4 23. Nxd4 c5 24. Nde2 f5 25. Nxf4 Rbe8 26. exf5 Rxf5 27. Nce2 g5 28. Nh5+ Kg6 29. Neg3 Rff8 30. Rde1 Nb6 31. Rxe8 Rxe8 32. Rf1 Nd7 33. Kc1 Rf8 34. Rxf8 Nxf8 35. Kd2 Nd7 36. Ke3 Nb6 37. Ke4 a5 38. c3 Na4 39. Kd5 Nxb2 40. d4 cxd4 41. Kxd4 Nd1 42. a3 Nf2 43. Kd5 Nd1 44. Kd4 h6 45. h4 gxh4 46. Nf4+ Kg5 47. Nge2 Kg4 48. Nd5 h3 49. Nf6+ Kf3 50. Ng1+ Kg2 51. Nxh3 Kxh3 52. Ne4 h5 53. Nxd6 h4 54. c4 bxc4 55. Nf5 c3 56. Kd3 Kg4 57. Nxh4 Kxh4 58. Kc2 Ne3+ 1/2-1/2

[Event "Oberliga Wuerttemberg 0001"]
[Site "Wuerttemberg"]
[Date "2001.03.11"]
[Round "7"]
[White "Cieza Vega, Arcadio"]
[Black "Fochtler, Ekkehard"]
[Result "0-1"]
[WhiteElo "2326"]
[BlackElo "2243"]
[PlyCount "86"]
[EventDate "2000.10.15"]
[EventType "team"]
[EventRounds "9"]
[EventCountry "GER"]
[SourceTitle "EXT 2019"]
[Source "ChessBase"]
[SourceDate "2018.10.10"]
[SourceVersion "1"]
[SourceVersionDate "2018.10.10"]
[SourceQuality "1"]

1. e4 e5 2. Nf3 Nf6 3. Qe2 Nc6 4. c3 g6 5. d3 Bg7 6. Bg5 h6 7. Be3 0-0 8. Na3 d5 9. Bc5 Re8 10. Nc2 b6 11. Ba3 Bb7 12. 0-0-0 Qc8 13. Nd2 a5 14. f3 Qe6 15. Kb1 Nd7 16. exd5 Qxd5 17. Ne3 Qe6 18. Ne4 f5 19. Nf2 b5 20. Nc2 b4 21. d4 Ba6 22. Qe1 Nb6 23. cxb4 axb4 24. Nxb4 Nxb4 25. Qxb4 Bxf1 26. Rhxf1 Nc4 27. d5 Qa6 28. Rc1 Ne3 29. Rfe1 Reb8 30. Qxb8+ Rxb8 31. Rxe3 e4 32. fxe4 Bd4 33. Rf3 Bxf2 34. exf5 Bd4 35. fxg6 Qxg6+ 36. Ka1 Be5 37. g4 Qxg4 38. Rcf1 Qd4 39. R3f2 Qxd5 40. Rg1+ Kh7 41. Rgf1 Rd8 42. Kb1 Qd3+ 43. Kc1 Bd4 0-1

[Event "Oberliga Wuerttemberg 0102"]
[Site "Wuerttemberg"]
[Date "2001.??.??"]
[Round "4"]
[White "Fochtler, Ekkehard"]
[Black "Dietrich, Frank"]
[Result "0-1"]
[WhiteElo "2213"]
[BlackElo "2117"]
[PlyCount "40"]
[EventDate "2001.10.01"]
[EventType "team-tourn"]
[EventRounds "9"]
[EventCountry "GER"]
[SourceTitle "EXT 2019"]
[Source "ChessBase"]
[SourceDate "2018.10.10"]
[SourceVersion "1"]
[SourceVersionDate "2018.10.10"]
[SourceQuality "1"]
[WhiteTeam "Schwaebisch Gmuend"]
[BlackTeam "Wolfbusch"]
[WhiteTeamCountry "GER"]
[BlackTeamCountry "GER"]

1. d4 c5 2. dxc5 Qa5+ 3. Nc3 Nf6 4. a3 Qxc5 5. e4 d6 6. Be2 g6 7. Be3 Qa5 8. Qd2 Bg7 9. 0-0-0 Nc6 10. Bh6 Bxh6 11. Qxh6 Be6 12. Nh3 0-0-0 13. Nf4 Ng8 14. Qg7 Qg5 15. g3 Nf6 16. h4 Qc5 17. Rhf1 h6 18. Bd3 Rh7 19. Nxe6 fxe6 20. Qxg6 Ne5 0-1

[Event "Oberliga Wuerttemberg 9900"]
[Site "Wuerttemberg"]
[Date "2000.01.16"]
[Round "?"]
[White "Steiger, Wolfgang"]
[Black "Fochtler, Ekkehard"]
[Result "0-1"]
[WhiteElo "2363"]
[BlackElo "2272"]
[PlyCount "84"]
[EventDate "1999.??.??"]
[EventType "team"]
[EventRounds "9"]
[EventCountry "GER"]
[SourceTitle "EXT 2005"]
[Source "ChessBase"]
[SourceDate "2004.11.15"]
[SourceVersion "1"]
[SourceVersionDate "2004.11.15"]
[SourceQuality "1"]

1. e4 e5 2. Nf3 Nf6 3. Nxe5 d6 4. Nf3 Nxe4 5. Qe2 Qe7 6. d3 Nf6 7. Bg5 Nbd7 8. Nc3 h6 9. Bh4 g5 10. Bg3 Qxe2+ 11. Bxe2 Bg7 12. h4 g4 13. Nd2 Nb6 14. 0-0-0 Bd7 15. f3 Nh5 16. Bf2 g3 17. Be3 Bxc3 18. bxc3 Nd5 19. Bd4 0-0 20. c4 Ndf4 21. Bf1 Rae8 22. Bc3 Ne2+ 23. Bxe2 Rxe2 24. Rhg1 Rfe8 25. Rdf1 Ba4 26. Nb3 c5 27. Bd2 Kg7 28. Kd1 Kg6 29. Nc1 R2e6 30. Re1 Rxe1+ 31. Rxe1 Rxe1+ 32. Bxe1 f5 33. Ne2 f4 34. Nc3 Bc6 35. Ne4 Bxe4 36. fxe4 f3 37. gxf3 g2 38. Bf2 Nf4 39. Ke1 Nh3 40. Be3 Kh5 41. f4 Kg4 42. e5 Kf3 0-1

[Event "Oberliga Wuerttemberg 0001"]
[Site "Wuerttemberg"]
[Date "2000.??.??"]
[Round "3"]
[White "Frick, Christoph"]
[Black "Fochtler, Ekkehard"]
[Result "1/2-1/2"]
[WhiteElo "2169"]
[BlackElo "2243"]
[PlyCount "92"]
[EventDate "2000.10.15"]
[EventType "team"]
[EventRounds "9"]
[EventCountry "GER"]
[SourceTitle "EXT 2002"]
[Source "ChessBase"]
[SourceDate "2001.11.25"]
[SourceVersion "1"]
[SourceVersionDate "2001.11.25"]
[SourceQuality "1"]

1. Nc3 Nf6 2. e4 e5 3. Nf3 d6 4. Bc4 Be7 5. d4 Nbd7 6. 0-0 0-0 7. a4 c6 8. Ba2 b6 9. Qe2 Bb7 10. dxe5 dxe5 11. Qc4 Qc8 12. Qe2 Ba6 13. Bc4 Bxc4 14. Qxc4 a6 15. Bg5 b5 16. axb5 axb5 17. Qe2 Qc7 18. Nd2 Nc5 19. Be3 Ne6 20. Nb3 Nd7 21. Qg4 g6 22. Ne2 Kh8 23. Rxa8 Rxa8 24. f4 exf4 25. Nxf4 Nxf4 26. Bxf4 Qa7+ 27. Kh1 Bf6 28. c3 Ne5 29. Qg3 Qe7 30. Be3 Bg7 31. Nd4 Ra2 32. b3 Qd7 33. h3 h6 34. Bxh6 Bxh6 35. Qxe5+ Bg7 36. Qc5 Qc7 37. e5 Qxe5 38. Qxe5 Bxe5 39. Nxc6 Bxc3 40. Rxf7 Rb2 41. b4 Be1 42. g4 Bxb4 43. Nxb4 Rxb4 44. Kg2 Rb1 45. Kg3 Kg8 46. Rb7 g5 1/2-1/2

[Event "Oberliga Wuerttemberg 9900"]
[Site "Wuerttemberg"]
[Date "1999.12.12"]
[Round "?"]
[White "Fochtler, Ekkehard"]
[Black "Lach, Bernhard"]
[Result "1/2-1/2"]
[WhiteElo "2268"]
[BlackElo "2216"]
[PlyCount "81"]
[EventDate "1999.??.??"]
[EventType "team"]
[EventRounds "9"]
[EventCountry "GER"]
[SourceTitle "EXT 2005"]
[Source "ChessBase"]
[SourceDate "2004.11.15"]
[SourceVersion "1"]
[SourceVersionDate "2004.11.15"]
[SourceQuality "1"]

1. Nf3 Nc6 2. d4 d5 3. Bf4 Bg4 4. Nbd2 e6 5. c3 Bd6 6. g3 Nge7 7. Qb3 0-0 8. Bg2 Rb8 9. 0-0 Bxf4 10. gxf4 Ng6 11. e3 Nh4 12. Nxh4 Qxh4 13. c4 Na5 14. Qc3 Nxc4 15. Nxc4 dxc4 16. Qxc4 c6 17. Rfc1 Rbd8 18. Qf1 f5 19. Rc5 Rf6 20. f3 Bh5 21. Qf2 Qxf2+ 22. Kxf2 Be8 23. b4 Rd5 24. Bf1 Kf7 25. Rc2 Ke7 26. a4 a6 27. Bc4 Rd8 28. Rg1 g6 29. Rb1 Rc8 30. Bd3 Bd7 31. Rc5 Rff8 32. h4 Ra8 33. Ra5 Rfc8 34. Rg1 Kf6 35. e4 Rd8 36. Ke3 Rac8 37. Re5 Be8 38. Bc4 Bf7 39. Bb3 Rd7 40. Rd1 h6 41. Rc5 1/2-1/2

[Event "Oberliga Wuerttemberg 9900"]
[Site "Wuerttemberg"]
[Date "1999.10.31"]
[Round "?"]
[White "Fochtler, Ekkehard"]
[Black "Riemelmoser, Franz"]
[Result "1/2-1/2"]
[WhiteElo "2268"]
[BlackElo "2210"]
[PlyCount "105"]
[EventDate "1999.??.??"]
[EventType "team"]
[EventRounds "9"]
[EventCountry "GER"]
[SourceTitle "EXT 2005"]
[Source "ChessBase"]
[SourceDate "2004.11.15"]
[SourceVersion "1"]
[SourceVersionDate "2004.11.15"]
[SourceQuality "1"]

1. d4 e6 2. c4 d5 3. Nc3 c5 4. cxd5 exd5 5. Nf3 Nc6 6. g3 Nf6 7. Bg2 Be7 8. 0-0 0-0 9. b3 Ne4 10. Bb2 Bf6 11. Na4 b6 12. Rc1 Re8 13. dxc5 Bxb2 14. Nxb2 Nxc5 15. Re1 Ba6 16. Nh4 Qf6 17. Na4 Nd4 18. Nc3 Rad8 19. Nf3 Nxf3+ 20. Bxf3 d4 21. Nd5 Qe5 22. Nb4 Bb5 23. a4 Bd7 24. Nd3 Nxd3 25. Qxd3 Bf5 26. Qb5 Qxb5 27. axb5 Re5 28. Bc6 Be6 29. b4 g6 30. Ra1 Bc4 31. f4 Rxe2 32. Rxe2 Bxe2 33. Kf2 Bg4 34. Ke1 Rd6 35. Kd2 Bd7 36. Rxa7 Bxc6 37. bxc6 Rxc6 38. Kd3 Rd6 39. Rc7 Kg7 40. Rc4 Kf6 41. Rxd4 Ke6 42. g4 Rc6 43. Rd8 h5 44. gxh5 gxh5 45. Rh8 Kf5 46. Rxh5+ Kxf4 47. Rh4+ Kf3 48. Rh7 f5 49. h4 b5 50. Rd7 Rc1 51. Kd2 Rc4 52. Rd5 Rxb4 53. Rxf5+ 1/2-1/2

[Event "Oberliga Wuerttemberg 9899"]
[Site "Wuerttemberg"]
[Date "1998.12.13"]
[Round "4"]
[White "Meier, Thomas"]
[Black "Fochtler, Ekkehard"]
[Result "1/2-1/2"]
[WhiteElo "2215"]
[BlackElo "2270"]
[PlyCount "106"]
[EventDate "1998.10.??"]
[EventType "team"]
[EventRounds "9"]
[EventCountry "GER"]
[SourceTitle "EXT 2000"]
[Source "ChessBase"]
[SourceDate "1999.11.16"]
[SourceVersion "1"]
[SourceVersionDate "1999.11.16"]
[SourceQuality "1"]

1. d4 d5 2. c4 e6 3. Nc3 Nf6 4. cxd5 exd5 5. Bg5 c6 6. Qc2 Na6 7. a3 Nc7 8. e3 Ne6 9. Bh4 Be7 10. Bd3 g6 11. Nf3 Ng7 12. 0-0 0-0 13. b4 a6 14. Na4 Bf5 15. Nc5 Ra7 16. Ne5 Bxd3 17. Qxd3 Nf5 18. Bg5 Ne4 19. Bxe7 Qxe7 20. Rae1 f6 21. Nf3 a5 22. Nd2 axb4 23. Ndxe4 dxe4 24. Qc4+ Qf7 25. Qxb4 Nd6 26. f3 exf3 27. Rxf3 f5 28. e4 Qc4 29. Qxc4+ Nxc4 30. exf5 Rxf5 31. Rxf5 gxf5 32. Re7 Rxa3 33. Rxb7 Ra2 34. Ne6 Re2 35. Rb8+ Kf7 36. Ng5+ Kg6 37. Nf3 Ne3 38. Rg8+ Kf7 39. Rg5 Rc2 40. h3 h6 41. Ne5+ Ke6 42. Rg6+ Kd5 43. Nf3 Ke4 44. Re6+ Kf4 45. Ne1 Re2 46. Nd3+ Kg3 47. Rg6+ Ng4 48. Kf1 Rd2 49. hxg4 fxg4 50. Ne1 Rf2+ 51. Kg1 Re2 52. Kf1 Rf2+ 53. Kg1 Re2 1/2-1/2

[Event "Oberliga Wuerttemberg 9899"]
[Site "Wuerttemberg"]
[Date "1998.11.08"]
[Round "2"]
[White "Fochtler, Ekkehard"]
[Black "Roth, Juergen Eugen"]
[Result "0-1"]
[WhiteElo "2270"]
[BlackElo "2280"]
[PlyCount "62"]
[EventDate "1998.10.??"]
[EventType "team"]
[EventRounds "9"]
[EventCountry "GER"]
[SourceTitle "EXT 2000"]
[Source "ChessBase"]
[SourceDate "1999.11.16"]
[SourceVersion "1"]
[SourceVersionDate "1999.11.16"]
[SourceQuality "1"]

1. d4 g6 2. e4 Bg7 3. g3 d6 4. Bg2 Nc6 5. d5 Ne5 6. f4 Nd7 7. Nc3 c6 8. Be3 cxd5 9. exd5 Nh6 10. Nge2 Nf5 11. Bf2 Nf6 12. h3 h5 13. Qd2 Bd7 14. a4 Qc7 15. 0-0 0-0 16. Rfe1 Rfc8 17. Ra3 b6 18. Bf3 Nh6 19. Kg2 a6 20. Nd4 Nf5 21. Rb3 Rab8 22. Nc6 Bxc6 23. dxc6 e6 24. Qd3 d5 25. Qxa6 Qxc6 26. Re2 Nd7 27. Qb5 Qc7 28. Rd2 Nd6 29. Qe2 Nc4 30. Rd3 Nxb2 31. Nb5 Qxc2 0-1

[Event "Oberliga Wuerttemberg 9798"]
[Site "Wuerttemberg"]
[Date "1998.03.29"]
[Round "9"]
[White "Fochtler, Ekkehard"]
[Black "Baumstark, Thomas"]
[Result "1-0"]
[WhiteElo "2245"]
[BlackElo "2175"]
[PlyCount "63"]
[EventDate "1997.09.??"]
[EventType "team"]
[EventRounds "9"]
[EventCountry "GER"]
[SourceTitle "EXT 1999"]
[Source "ChessBase"]
[SourceDate "1998.11.16"]
[SourceVersion "1"]
[SourceVersionDate "1998.11.16"]
[SourceQuality "1"]

1. d4 Nf6 2. c4 c5 3. d5 b5 4. cxb5 a6 5. bxa6 Bxa6 6. Nc3 g6 7. Nf3 Bg7 8. g3 0-0 9. Bg2 d6 10. 0-0 Nbd7 11. Qc2 Ra7 12. Rd1 Qa5 13. Bd2 Rb8 14. h3 Ne8 15. Rab1 Rab7 16. Be1 Qc7 17. Na4 Bb5 18. Nc3 Ba6 19. b3 Ne5 20. Ne4 Nxf3+ 21. Bxf3 Qd7 22. Ng5 Nf6 23. Kh2 h6 24. Ne4 Nxe4 25. Bxe4 f5 26. Bd3 Bxd3 27. Rxd3 Rf8 28. e3 Ra8 29. Bc3 Qb5 30. Bxg7 Kxg7 31. Rc3 Ra3 32. Qb2 1-0

[Event "Oberliga Wuerttemberg 9798"]
[Site "Wuerttemberg"]
[Date "1998.01.11"]
[Round "6"]
[White "Dueren, Jerome"]
[Black "Fochtler, Ekkehard"]
[Result "0-1"]
[WhiteElo "2190"]
[BlackElo "2245"]
[PlyCount "62"]
[EventDate "1997.09.??"]
[EventType "team"]
[EventRounds "9"]
[EventCountry "GER"]
[SourceTitle "EXT 1999"]
[Source "ChessBase"]
[SourceDate "1998.11.16"]
[SourceVersion "1"]
[SourceVersionDate "1998.11.16"]
[SourceQuality "1"]

1. e4 e5 2. Nf3 Nf6 3. d4 Nxe4 4. Bd3 d5 5. Nxe5 Bd6 6. 0-0 0-0 7. c4 Bxe5 8. dxe5 Nc6 9. f4 Nb4 10. a3 Nxd3 11. Qxd3 Nc5 12. Qxd5 Nb3 13. Ra2 Be6 14. Qe4 b5 15. Nc3 Bxc4 16. Rd1 Qh4 17. Be3 Rad8 18. Qf3 Rxd1+ 19. Qxd1 Rd8 20. Qb1 Nd2 21. Qc1 Nb3 22. Qb1 Rd3 23. g3 Qg4 24. Kf2 Qd7 25. Qh1 c6 26. Qe1 h6 27. a4 b4 28. Ne2 Nd2 29. Bxd2 Rxd2 30. b3 Qd4+ 31. Kf1 Bxe2+ 0-1

[Event "Oberliga Wuerttemberg 9798"]
[Site "Wuerttemberg"]
[Date "1997.11.30"]
[Round "4"]
[White "Fochtler, Ekkehard"]
[Black "Raedeker, Bernd"]
[Result "1-0"]
[WhiteElo "2245"]
[BlackElo "2225"]
[PlyCount "57"]
[EventDate "1997.09.??"]
[EventType "team"]
[EventRounds "9"]
[EventCountry "GER"]
[SourceTitle "EXT 1999"]
[Source "ChessBase"]
[SourceDate "1998.11.16"]
[SourceVersion "1"]
[SourceVersionDate "1998.11.16"]
[SourceQuality "1"]

1. Nf3 d5 2. c4 e6 3. g3 Nf6 4. Bg2 Be7 5. 0-0 0-0 6. d4 c6 7. Nc3 Nbd7 8. b3 b6 9. Bb2 Ba6 10. Nd2 b5 11. Qc2 Nb6 12. c5 Nbd7 13. b4 Bb7 14. Nb3 Qc7 15. Rad1 e5 16. e4 exd4 17. Nxd4 dxe4 18. Nf5 Rfe8 19. Nxe4 Nxe4 20. Bxe4 Nf6 21. Nd6 Rf8 22. Be5 Bc8 23. Nxf7 Qb7 24. Bxf6 Bxf6 25. Nd6 Qa6 26. Qb3+ Kh8 27. Nf7+ Rxf7 28. Qxf7 Bg4 29. f3 1-0

[Event "Staufer op 09th"]
[Site "Schwaebisch Gmuend"]
[Date "1997.??.??"]
[Round "9"]
[White "Fochtler, Ekkehard"]
[Black "Scholl, Maria"]
[Result "1/2-1/2"]
[WhiteElo "2245"]
[BlackElo "2020"]
[PlyCount "120"]
[EventDate "1997.01.??"]
[EventType "swiss"]
[EventRounds "9"]
[EventCountry "GER"]
[SourceTitle "EXT 1998"]
[Source "ChessBase"]
[SourceDate "1997.11.17"]
[SourceVersion "1"]
[SourceVersionDate "1997.11.17"]
[SourceQuality "1"]

1. d4 e6 2. c4 Nf6 3. g3 d5 4. Bg2 Be7 5. Nf3 0-0 6. 0-0 c6 7. Qc2 b6 8. Nbd2 Bb7 9. e4 dxe4 10. Nxe4 Nxe4 11. Qxe4 Nd7 12. Re1 Nf6 13. Qe2 h6 14. Bf4 Qc8 15. Rad1 Rd8 16. Ne5 Bb4 17. Rf1 Bd6 18. Qf3 Bxe5 19. dxe5 Ne8 20. Qg4 Qc7 21. Rfe1 c5 22. Bxb7 Qxb7 23. Bxh6 Qa6 24. a3 Qa4 25. Bg5 Rxd1 26. Rxd1 b5 27. Be7 Rc8 28. Rc1 b4 29. axb4 Qxb4 30. Qe2 Rc7 31. Bd6 Rb7 32. Rc2 Rb6 33. Qd1 Qa4 34. Bxc5 Rxb2 35. Rd2 Qa2 36. Rxb2 Qxb2 37. Bxa7 Qxe5 38. Bb6 Nf6 39. h3 Qf5 40. Kh2 Ne4 41. Qd8+ Kh7 42. Qd3 Qg6 43. c5 f5 44. c6 e5 45. Qc2 Ng5 46. Kg2 Ne4 47. Bc7 Qf7 48. Bb8 g6 49. f3 Qd5 50. fxe4 fxe4 51. Kf2 Qf7+ 52. Kg1 Qf3 53. Bxe5 e3 54. Bd4 Qxg3+ 55. Kf1 Qf3+ 56. Ke1 Qg3+ 57. Ke2 Qf2+ 58. Kd3 Qf5+ 59. Kc3 Qa5+ 60. Kd3 Qf5+ 1/2-1/2

[Event "Staufer op 09th"]
[Site "Schwaebisch Gmuend"]
[Date "1997.??.??"]
[Round "1"]
[White "Fochtler, Ekkehard"]
[Black "Veith, Wolfgang"]
[Result "1-0"]
[WhiteElo "2245"]
[BlackElo "1740"]
[PlyCount "33"]
[EventDate "1997.01.??"]
[EventType "swiss"]
[EventRounds "9"]
[EventCountry "GER"]
[SourceTitle "EXT 1998"]
[Source "ChessBase"]
[SourceDate "1997.11.17"]
[SourceVersion "1"]
[SourceVersionDate "1997.11.17"]
[SourceQuality "1"]

1. d4 Nf6 2. c4 e5 3. dxe5 Ng4 4. Bf4 Nc6 5. Nf3 Bb4+ 6. Nbd2 Qe7 7. a3 Ngxe5 8. Nxe5 Nxe5 9. e3 Bxd2+ 10. Qxd2 a5 11. c5 Qxc5 12. Rc1 Qe7 13. Rxc7 0-0 14. Be2 b6 15. Qd5 Nc6 16. Qxc6 dxc6 17. Rxe7 1-0

[Event "Staufer op 09th"]
[Site "Schwaebisch Gmuend"]
[Date "1997.??.??"]
[Round "6"]
[White "Heinl, Thomas"]
[Black "Fochtler, Ekkehard"]
[Result "1/2-1/2"]
[WhiteElo "2210"]
[BlackElo "2245"]
[PlyCount "46"]
[EventDate "1997.01.??"]
[EventType "swiss"]
[EventRounds "9"]
[EventCountry "GER"]
[SourceTitle "EXT 1998"]
[Source "ChessBase"]
[SourceDate "1997.11.17"]
[SourceVersion "1"]
[SourceVersionDate "1997.11.17"]
[SourceQuality "1"]

1. e4 e5 2. Nf3 Nf6 3. Nc3 Nc6 4. Bc4 Nxe4 5. 0-0 Nf6 6. Re1 Be7 7. Nxe5 Nxe5 8. Rxe5 d6 9. Re1 d5 10. Bf1 d4 11. Ne4 Nxe4 12. Rxe4 Bf5 13. Re5 Be6 14. Qf3 c6 15. c4 dxc3 16. dxc3 0-0 17. Bd3 Bf6 18. Re1 Qb6 19. Bh6 Rfe8 20. Re3 Qxb2 21. Rb1 Qxa2 22. Qxf6 gxf6 23. Rg3+ Kh8 1/2-1/2

[Event "Staufer op 08th"]
[Site "Schwaebisch Gmuend"]
[Date "1996.??.??"]
[Round "9"]
[White "Fochtler, Ekkehard"]
[Black "Braun, Peter"]
[Result "1/2-1/2"]
[WhiteElo "2220"]
[BlackElo "2185"]
[PlyCount "125"]
[EventDate "1996.01.??"]
[EventType "swiss"]
[EventRounds "9"]
[EventCountry "GER"]
[SourceTitle "EXT 1998"]
[Source "ChessBase"]
[SourceDate "1997.11.17"]
[SourceVersion "1"]
[SourceVersionDate "1997.11.17"]
[SourceQuality "1"]

1. d4 Nf6 2. c4 e6 3. g3 d5 4. Bg2 Be7 5. Nf3 0-0 6. Qc2 dxc4 7. Qxc4 a6 8. Qc2 Nc6 9. 0-0 Bd7 10. a3 Rb8 11. Nc3 b5 12. b4 a5 13. bxa5 Nxa5 14. Ne5 Be8 15. Rd1 Nd5 16. Ne4 b4 17. axb4 Nxb4 18. Qc3 Nac6 19. Bf4 Nd5 20. Qc4 Nxe5 21. dxe5 Qc8 22. Bg5 Bb5 23. Qc2 Qd8 24. h4 h6 25. Bxe7 Qxe7 26. Ra7 Qb4 27. e3 Rb6 28. Rb1 Qc4 29. Qxc4 Bxc4 30. Rxb6 cxb6 31. Nd6 b5 32. Rb7 Nc3 33. Bc6 Ra8 34. Nxb5 Ra1+ 35. Kh2 Nxb5 36. Bxb5 Bd5 37. Rb8+ Kh7 38. Bd3+ g6 39. e4 Bc6 40. Rc8 Ba4 41. Ra8 Ra2 42. Bc4 Rxf2+ 43. Kg1 Bc6 44. Ra6 Rf3 45. Rxc6 Rxg3+ 46. Kf2 Rg4 47. Rc7 Kg8 48. h5 gxh5 49. Kf3 Rg1 50. Be2 h4 51. Kf2 Rg5 52. Rc1 Rxe5 53. Bd3 f5 54. exf5 exf5 55. Rh1 Kg7 56. Rxh4 Ra5 57. Ke3 Kg6 58. Rg4+ Kf6 59. Rd4 Kg5 60. Kf3 Rc5 61. Rd8 Ra5 62. Rg8+ Kf6 63. Rf8+ 1/2-1/2

[Event "Oberliga Wuerttemberg 9596"]
[Site "Wuerttemberg"]
[Date "1996.??.??"]
[Round "?"]
[White "Schnepp, Gunnar"]
[Black "Fochtler, Ekkehard"]
[Result "1-0"]
[WhiteElo "2280"]
[BlackElo "2220"]
[PlyCount "63"]
[EventDate "1995.10.??"]
[EventType "team"]
[EventRounds "9"]
[EventCountry "GER"]
[SourceTitle "EXT 1999"]
[Source "ChessBase"]
[SourceDate "1998.11.16"]
[SourceVersion "1"]
[SourceVersionDate "1998.11.16"]
[SourceQuality "1"]

1. d4 Nf6 2. c4 g6 3. Nc3 Bg7 4. e4 d6 5. Nf3 0-0 6. Be2 e5 7. 0-0 exd4 8. Nxd4 Re8 9. f3 c6 10. Kh1 Nbd7 11. Nb3 Qe7 12. Bg5 h6 13. Bh4 Ne5 14. f4 Neg4 15. Qc1 g5 16. fxg5 Nxe4 17. g6 Qxh4 18. gxf7+ Kh7 19. Bxg4 Be5 20. Rf4 Ng3+ 21. Kg1 Bxg4 22. fxe8Q Rxe8 23. hxg3 Qxg3 24. Ne4 Qh4 25. Nf2 Rg8 26. Rxg4 Bh2+ 27. Kf1 Rxg4 28. Nxg4 Qxg4 29. Qc2+ Kg7 30. Qc3+ Kg6 31. Qd3+ Kg7 32. Qd4+ 1-0